[Event "BL 1920 OSG Baden-Baden - SV Hockenheim"]
[Site "?"]
[Date "2021.10.16"]
[Round "14.3"]
[White "Saric, Ivan"]
[Black "Wojtaszek, Radoslaw"]
[Result "1/2-1/2"]
[WhiteElo "2644"]
[BlackElo "2691"]
[PlyCount "141"]
[EventDate "2021.??.??"]

1. e4 e5 2. Nf3 Nc6 3. Bb5 a6 4. Ba4 Nf6 5. O-O Be7 6. d3 b5 7. Bb3 d6 8. a3
Na5 9. Ba2 c5 10. Nc3 Be6 11. Bg5 O-O 12. Bxf6 Bxf6 13. Nd5 Nc6 14. a4 b4 15.
a5 Na7 16. c3 bxc3 17. bxc3 Nb5 18. Qc2 Rb8 19. h3 Nc7 20. Nxc7 Qxc7 21. Nd2
Rb5 22. Bxe6 fxe6 23. Qa2 Qd7 24. Rfb1 Rfb8 25. Rxb5 Rxb5 26. Rb1 Kf7 27. Nc4
Be7 28. Rf1 Bf6 29. g3 h6 30. h4 Bd8 31. Kg2 Bc7 32. Qa4 Qe8 33. Qd1 Kg8 34.
Re1 Qe7 35. Qc2 Qd8 36. Rb1 Qb8 37. Rxb5 Qxb5 38. Qa2 Qc6 39. Qe2 d5 40. exd5
exd5 41. Nxe5 Qe6 42. d4 cxd4 43. cxd4 Bxa5 44. Qc2 Bb6 45. Qc3 Bd8 46. Qb3 Bf6
47. Qb8+ Kh7 48. Qb1+ Kg8 49. Nf3 Qe4 50. Qb6 Kh7 51. h5 Qf5 52. Qxa6 Qxh5 53.
Qe6 Qg6 54. Qxd5 h5 55. Qe6 Qg4 56. Qe3 h4 57. d5 hxg3 58. fxg3 Qf5 59. Qd2 g5
60. d6 Qe4 61. Qe1 Qd5 62. Qb4 g4 63. Qxg4 Qxd6 64. Qf5+ Kg7 65. g4 Be7 66. g5
Bxg5 67. Nxg5 Qg6 68. Qg4 Kh6 69. Qh4+ Kg7 70. Kg3 Qd6+ 71. Kg2 1/2-1/2

[Event "BL 1920 OSG Baden-Baden - SV Hockenheim"]
[Site "?"]
[Date "2021.10.16"]
[Round "14.4"]
[White "Rapport, Richard"]
[Black "Braun, Arik"]
[Result "1/2-1/2"]
[WhiteElo "2770"]
[BlackElo "2589"]
[PlyCount "59"]
[EventDate "2021.??.??"]

1. d4 Nf6 2. c4 e6 3. Nc3 Bb4 4. Nf3 b6 5. Qb3 Qe7 6. Bg5 Bb7 7. Nd2 c5 8. dxc5
Qxc5 9. Bxf6 gxf6 10. e3 Na6 11. a3 Bxc3 12. Qxc3 Qe5 13. Qxe5 fxe5 14. b4 Nc7
15. Rg1 a5 16. b5 Ke7 17. g4 Rhg8 18. Rg3 Rg7 19. O-O-O Rc8 20. Kb2 Ne8 21. Bd3
d5 22. cxd5 exd5 23. f4 f6 24. Nb1 Nd6 25. fxe5 fxe5 26. Nc3 Rf8 27. Kc1 Rc8
28. Kb2 Rf8 29. Kc1 Rc8 30. Kb2 1/2-1/2

[Event "BL 1920 OSG Baden-Baden - SV Hockenheim"]
[Site "?"]
[Date "2021.10.16"]
[Round "14.5"]
[White "Wagner, Dennis"]
[Black "Adams, Michael"]
[Result "1/2-1/2"]
[WhiteElo "2576"]
[BlackElo "2716"]
[PlyCount "71"]
[EventDate "2021.??.??"]

1. d4 Nf6 2. c4 e6 3. g3 d5 4. Bg2 Be7 5. Nf3 O-O 6. O-O dxc4 7. Qc2 c6 8. Qxc4
b5 9. Qb3 Bb7 10. Rd1 Nbd7 11. Nc3 b4 12. Na4 Qa5 13. a3 c5 14. axb4 cxb4 15.
Bf4 Bd5 16. Qe3 Qb5 17. Ne5 Bxg2 18. Kxg2 Nd5 19. Qd3 Qb7 20. Qf3 Rac8 21. Nxd7
Qxd7 22. Nc5 Bxc5 23. dxc5 Nxf4+ 24. gxf4 Qb5 25. Rxa7 Rxc5 26. Rb7 Qc4 27. b3
Qc3 28. Rdd7 g6 29. Qxc3 bxc3 30. Rdc7 Rc8 31. Rxf7 c2 32. Rg7+ Kh8 33. Rxh7+
Kg8 34. Rhg7+ Kh8 35. Rh7+ Kg8 36. Rhg7+ 1/2-1/2

[Event "BL 1920 OSG Baden-Baden - SV Hockenheim"]
[Site "?"]
[Date "2021.10.16"]
[Round "14.6"]
[White "Bacrot, Etienne"]
[Black "Buhmann, Rainer"]
[Result "1-0"]
[WhiteElo "2658"]
[BlackElo "2580"]
[PlyCount "117"]
[EventDate "2021.??.??"]

1. e4 e5 2. Nf3 Nc6 3. Bb5 a6 4. Ba4 Nf6 5. O-O Be7 6. Re1 b5 7. Bb3 d6 8. c3
O-O 9. h3 Nb8 10. d4 Nbd7 11. c4 c6 12. Qc2 a5 13. cxb5 cxb5 14. Nc3 a4 15. Bd5
Nxd5 16. Nxd5 Bb7 17. Nxe7+ Qxe7 18. Qc7 Rab8 19. dxe5 dxe5 20. Bg5 Qe6 21.
Rad1 Bc8 22. Rd5 Rb7 23. Qa5 h6 24. Be3 f5 25. Rxb5 fxe4 26. Nd2 Qc6 27. Rxb7
Bxb7 28. Nb1 Qd5 29. Qb4 Bc6 30. Nc3 Qe6 31. Rd1 Rb8 32. Qa3 Nf6 33. Bxh6 Nh5
34. Be3 Nf4 35. Qd6 Qxd6 36. Rxd6 Be8 37. Bxf4 exf4 38. Re6 e3 39. fxe3 Bf7 40.
Re4 fxe3 41. Nxa4 Bxa2 42. Rxe3 Rb4 43. Re8+ Kh7 44. Ra8 Bd5 45. Ra6 Bc4 46.
Ra7 Bb5 47. Rb7 Rxa4 48. Rxb5 Rc4 49. Rf5 Rb4 50. Rf2 Kg6 51. Rc2 Kf5 52. Kf2
Rb3 53. Ke2 Ke4 54. Kd2 Kd4 55. Kc1 Rg3 56. Kb1 Rg6 57. b3 Rg3 58. Kb2 Kd5 59.
Ka3 1-0

[Event "BL 1920 OSG Baden-Baden - SV Hockenheim"]
[Site "?"]
[Date "2021.10.16"]
[Round "14.7"]
[White "Baramidze, David"]
[Black "Kasimdzhanov, Rustam"]
[Result "1/2-1/2"]
[WhiteElo "2601"]
[BlackElo "2661"]
[PlyCount "40"]
[EventDate "2021.??.??"]

1. e4 e5 2. Nf3 Nc6 3. Bc4 Bc5 4. d3 Nf6 5. c3 d6 6. O-O h6 7. Re1 O-O 8. h3
Bb6 9. a4 a5 10. Nbd2 Ne7 11. Bb3 c6 12. d4 Ng6 13. Bc2 Re8 14. Nc4 Bc7 15. Be3
exd4 16. Bxd4 Nd7 17. Be3 Nf6 18. Bd4 Nd7 19. Be3 Nf6 20. Bd4 Nd7 1/2-1/2

[Event "BL 1920 OSG Baden-Baden - SV Hockenheim"]
[Site "?"]
[Date "2021.10.16"]
[Round "14.8"]
[White "Movsesian, Sergei"]
[Black "Moiseenko, Alexander"]
[Result "1/2-1/2"]
[WhiteElo "2627"]
[BlackElo "2622"]
[PlyCount "45"]
[EventDate "2021.??.??"]

1. e4 c5 2. Nc3 Nc6 3. Nf3 e5 4. Bc4 d6 5. d3 Be7 6. Nd2 Nf6 7. Nf1 Bg4 8. f3
Be6 9. Ne3 O-O 10. O-O a6 11. a4 Rb8 12. Bd2 Nh5 13. g3 Bg5 14. Ng2 Bxd2 15.
Qxd2 Nf6 16. Ne3 Re8 17. Rae1 Nd4 18. Bxe6 fxe6 19. f4 exf4 20. Rxf4 Rf8 21.
Ref1 b5 22. axb5 axb5 23. Ne2 1/2-1/2

[Event "BL 1920 Schachfreunde Deizisau - SG Spe"]
[Site "?"]
[Date "2021.10.16"]
[Round "14.1"]
[White "Oleksiyenko, Mykhaylo"]
[Black "Kamsky, Gata"]
[Result "1/2-1/2"]
[WhiteElo "2586"]
[BlackElo "2662"]
[PlyCount "42"]
[EventDate "2021.??.??"]

1. e4 e5 2. Nf3 Nc6 3. Bb5 Nf6 4. O-O Nxe4 5. d4 Nd6 6. dxe5 Nxb5 7. a4 Nbd4 8.
Nxd4 Nxd4 9. Qxd4 d5 10. Nc3 c6 11. a5 Be7 12. b4 O-O 13. Ne2 f6 14. Bf4 Qd7
15. c3 Bd8 16. Qd2 Qe7 17. exf6 Qxf6 18. Be3 Bc7 19. Bd4 Qh4 20. Ng3 Bf4 21.
Qe2 Bg4 1/2-1/2

[Event "BL 1920 Schachfreunde Deizisau - SG Spe"]
[Site "?"]
[Date "2021.10.16"]
[Round "14.2"]
[White "Heimann, Andreas"]
[Black "Kantans, Toms"]
[Result "1/2-1/2"]
[WhiteElo "2585"]
[BlackElo "2494"]
[PlyCount "72"]
[EventDate "2021.??.??"]

1. Nf3 c5 2. c4 Nc6 3. Nc3 e5 4. e3 Nf6 5. Be2 Be7 6. O-O O-O 7. d4 exd4 8.
exd4 d5 9. Be3 cxd4 10. Nxd4 Nxd4 11. Qxd4 dxc4 12. Bxc4 Qxd4 13. Bxd4 Rd8 14.
Rad1 Bg4 15. f3 Rxd4 16. Rxd4 Bc5 17. Rfd1 Rd8 18. Nb5 Bxd4+ 19. Rxd4 Rxd4 20.
Nxd4 Bd7 21. Kf2 Kf8 22. Ke3 Ke7 23. h4 h6 24. b4 g5 25. hxg5 hxg5 26. a3 Ne8
27. Bd3 Nc7 28. Be4 b6 29. f4 gxf4+ 30. Kxf4 Ne6+ 31. Nxe6 Bxe6 32. Ke5 f6+ 33.
Kd4 Kd6 34. g3 Bf7 35. Bf3 Be6 36. Be4 Bf7 1/2-1/2

[Event "BL 1920 Schachfreunde Deizisau - SG Spe"]
[Site "?"]
[Date "2021.10.16"]
[Round "14.3"]
[White "Boguslawski, Oleg"]
[Black "Meier, Georg"]
[Result "0-1"]
[WhiteElo "2390"]
[BlackElo "2628"]
[PlyCount "56"]
[EventDate "2021.??.??"]

1. e4 e6 2. d4 d5 3. e5 c5 4. c3 Nc6 5. Nf3 Qb6 6. a3 c4 7. Nbd2 Na5 8. g3 Bd7
9. h4 O-O-O 10. Bh3 f5 11. O-O Nh6 12. Re1 Nf7 13. Rb1 Be7 14. Bf1 Qc7 15. b3
cxb3 16. Nxb3 Ba4 17. Nfd2 Qxc3 18. Re3 Qc7 19. Qf3 Nc6 20. Rc3 h5 21. Nc5 Bxc5
22. Rxc5 g5 23. Nb3 b6 24. hxg5 Rdg8 25. Qc3 Nfd8 26. Bb5 Bxb5 27. Rxb5 h4 28.
Bf4 hxg3 0-1

[Event "BL 1920 Schachfreunde Deizisau - SG Spe"]
[Site "?"]
[Date "2021.10.16"]
[Round "14.4"]
[White "Krasenkow, Michal"]
[Black "Bodrozic, Tomislav"]
[Result "1-0"]
[WhiteElo "2578"]
[BlackElo "2358"]
[PlyCount "71"]
[EventDate "2021.??.??"]

1. Nf3 d5 2. d4 Nf6 3. c4 dxc4 4. Qa4+ Nc6 5. Nc3 e6 6. Qxc4 Nb4 7. Qb3 c5 8.
dxc5 Bxc5 9. a3 Nc6 10. Bg5 O-O 11. e3 Be7 12. Be2 Qc7 13. O-O Bd7 14. Rac1
Rac8 15. Ne4 Qb8 16. Nxf6+ gxf6 17. Bh6 Rfd8 18. e4 Kh8 19. Rfd1 Be8 20. Qe3
Ne5 21. Rxc8 Rxc8 22. Nd4 Ng6 23. b4 Rd8 24. f4 e5 25. fxe5 fxe5 26. Nf5 Rxd1+
27. Bxd1 Qd8 28. Bb3 a5 29. bxa5 Bxa3 30. h4 Qxa5 31. Qg5 Qb6+ 32. Kh2 Bc5 33.
h5 Kg8 34. hxg6 Qxg6 35. Qd8 Qh5+ 36. Kg3 1-0

[Event "BL 1920 Schachfreunde Deizisau - SG Spe"]
[Site "?"]
[Date "2021.10.16"]
[Round "14.5"]
[White "Mager, Denis"]
[Black "Bluebaum, Matthias"]
[Result "0-1"]
[WhiteElo "2280"]
[BlackElo "2640"]
[PlyCount "118"]
[EventDate "2021.??.??"]

1. c4 e5 2. Nc3 Nf6 3. e3 Bb4 4. a3 Bxc3 5. bxc3 O-O 6. d4 d6 7. Nf3 Nc6 8. Be2
Re8 9. O-O b6 10. h3 Ba6 11. Nd2 Na5 12. Qa4 c5 13. Bb2 Rc8 14. Rac1 Qe7 15.
Rfe1 Rc7 16. Nb3 Qd7 17. Qxd7 Nxd7 18. Nd2 Nf6 19. f3 exd4 20. exd4 cxd4 21.
cxd4 d5 22. Kf2 Nxc4 23. Nxc4 Bxc4 24. Bxc4 Rxe1 25. Rxe1 Rxc4 26. Re2 Kf8 27.
g4 Ne8 28. Kg3 Nc7 29. h4 f6 30. h5 Kf7 31. Rd2 Ne6 32. Kf2 g6 33. hxg6+ hxg6
34. Ke3 Rc8 35. Rh2 Kg7 36. Re2 g5 37. Kd2 Rc6 38. Re1 Kg6 39. Rh1 Nf4 40. Rh8
Re6 41. Rh2 f5 42. gxf5+ Kxf5 43. Bc1 Ng6 44. Rh1 Nh4 45. Rf1 Rh6 46. Kd3 Ng6
47. Rg1 Nf4+ 48. Bxf4 Kxf4 49. Rg4+ Kf5 50. Rg1 b5 51. Re1 Re6 52. Rb1 a6 53.
Rg1 Rh6 54. Ke3 Rc6 55. Kd3 Rc4 56. Re1 Ra4 57. Re5+ Kf4 58. Rxd5 Rxa3+ 59. Kd2
Rxf3 0-1

[Event "BL 1920 Schachfreunde Deizisau - SG Spe"]
[Site "?"]
[Date "2021.10.16"]
[Round "14.7"]
[White "Kraemer, Enrico"]
[Black "Kollars, Dmitrij"]
[Result "0-1"]
[WhiteElo "2218"]
[BlackElo "2621"]
[PlyCount "94"]
[EventDate "2021.??.??"]

1. d4 Nf6 2. Nf3 e6 3. g3 c5 4. Bg2 cxd4 5. O-O d5 6. Nxd4 e5 7. Nb3 Be6 8. Nc3
Be7 9. Bg5 Nbd7 10. e4 dxe4 11. Bxf6 Nxf6 12. Nxe4 Nxe4 13. Qxd8+ Kxd8 14. Bxe4
Kc7 15. c4 a5 16. Rac1 Rhd8 17. Bd5 Bxd5 18. cxd5+ Kb8 19. Rfd1 a4 20. Nc5 Ra5
21. d6 Rxd6 22. Rxd6 Bxd6 23. Ne4 Be7 24. Rd1 Kc7 25. Nc3 Kc6 26. a3 f5 27. Kf1
Ra8 28. Ke2 Bc5 29. Rc1 b6 30. f3 g6 31. Rc2 b5 32. h3 Rd8 33. Rc1 Rd4 34. Rc2
Rc4 35. Kd3 h5 36. Re2 Bd4 37. Na2 Kd6 38. Nc3 Bxc3 39. bxc3 Kd5 40. Rb2 Kc5
41. Re2 e4+ 42. fxe4 Rxe4 43. Rg2 Re1 44. g4 hxg4 45. hxg4 f4 46. g5 Re3+ 47.
Kd2 Kd5 0-1

[Event "BL 1920 Schachfreunde Deizisau - SG Spe"]
[Site "?"]
[Date "2021.10.16"]
[Round "14.8"]
[White "Kozul, Zdenko"]
[Black "Flierl, Pascal"]
[Result "1-0"]
[WhiteElo "2601"]
[BlackElo "2211"]
[PlyCount "51"]
[EventDate "2021.??.??"]

1. d4 c6 2. c4 d5 3. Nf3 Nf6 4. e3 e6 5. Bd3 dxc4 6. Bxc4 b5 7. Bd3 Bb7 8. O-O
a6 9. a4 Be7 10. e4 Nbd7 11. Nbd2 O-O 12. e5 Nd5 13. Ne4 h6 14. Bb1 Re8 15. Bd2
Nf8 16. a5 Qc7 17. Qc1 f5 18. exf6 Bxf6 19. Nxf6+ Nxf6 20. Ra3 Nd5 21. b4 Rad8
22. Re1 Qe7 23. Rb3 Nd7 24. Qc2 N7f6 25. Ne5 Qd6 26. Bxh6 1-0

[Event "BL 1920 BCA Augsburg - SG Solingen"]
[Site "?"]
[Date "2021.10.16"]
[Round "14.1"]
[White "Ragger, Markus"]
[Black "Postny, Evgeny"]
[Result "1-0"]
[WhiteElo "2664"]
[BlackElo "2552"]
[PlyCount "111"]
[EventDate "2021.??.??"]

1. e4 c6 2. Nf3 d5 3. Nc3 Bg4 4. h3 Bxf3 5. Qxf3 e6 6. Be2 Nf6 7. O-O Be7 8. d4
dxe4 9. Nxe4 Qxd4 10. Nxf6+ Qxf6 11. Qb3 b6 12. Qg3 e5 13. Bd2 O-O 14. Bc3 Bd6
15. Rad1 Bc7 16. Rfe1 a5 17. Bf1 Ra7 18. Bxe5 Bxe5 19. Qxe5 Qxe5 20. Rxe5 Rc8
21. Re3 Kf8 22. Red3 Re7 23. g3 Rcc7 24. Bg2 Red7 25. Kf1 Rxd3 26. Rxd3 Ke7 27.
a3 Nd7 28. Re3+ Kd8 29. Ke2 Nc5 30. b3 Ne6 31. c3 Kd7 32. h4 Kd6 33. Rd3+ Ke7
34. Re3 Kd6 35. Rd3+ Ke7 36. Bh3 Nc5 37. Re3+ Kd8 38. b4 Nb7 39. Bg2 Nd6 40.
bxa5 bxa5 41. Kd3 c5 42. Re5 Nb5 43. a4 Nd6 44. g4 h6 45. g5 hxg5 46. Rxg5 f6
47. Rh5 Ke7 48. Rh8 Nc8 49. Kc4 Nd6+ 50. Kd3 Nc8 51. Rg8 Ke6 52. Bh3+ f5 53.
Rf8 Nd6 54. Ra8 Rd7 55. Kc2 Ne4 56. Re8+ 1-0

[Event "BL 1920 BCA Augsburg - SG Solingen"]
[Site "?"]
[Date "2021.10.16"]
[Round "14.2"]
[White "Papp, Gabor"]
[Black "Andersen, Mads"]
[Result "1/2-1/2"]
[WhiteElo "2594"]
[BlackElo "2572"]
[PlyCount "41"]
[EventDate "2021.??.??"]

1. e4 e5 2. Nf3 Nc6 3. d4 exd4 4. Bc4 Nf6 5. e5 Ne4 6. Qe2 Nc5 7. O-O Ne6 8.
Bxe6 fxe6 9. Rd1 Be7 10. Nxd4 Nxd4 11. Rxd4 O-O 12. Nc3 b6 13. Rg4 Bb7 14. Ne4
Kh8 15. Bg5 Rf5 16. Bxe7 Qxe7 17. Ng3 Rf7 18. Qe3 Raf8 19. f3 a5 20. Rd1 Bc6
21. a3 1/2-1/2

[Event "BL 1920 BCA Augsburg - SG Solingen"]
[Site "?"]
[Date "2021.10.16"]
[Round "14.3"]
[White "Predojevic, Borki"]
[Black "Nestorovic, Nikola"]
[Result "1-0"]
[WhiteElo "2577"]
[BlackElo "2467"]
[PlyCount "69"]
[EventDate "2021.??.??"]

1. e4 e5 2. Nf3 Nc6 3. Nc3 Nf6 4. d4 exd4 5. Nxd4 Bb4 6. Nxc6 bxc6 7. Bd3 d5 8.
exd5 cxd5 9. O-O O-O 10. Qf3 Rb8 11. Bg5 Bb7 12. Rad1 Be7 13. Qh3 h6 14. Bxh6
gxh6 15. Qxh6 Qd6 16. Qg5+ Kh8 17. Qh6+ Kg8 18. Qg5+ Kh8 19. Rfe1 d4 20. Qh6+
Kg8 21. Bf5 Rfe8 22. Qg5+ Kf8 23. Qh6+ Kg8 24. Qg5+ Kf8 25. Qh6+ Kg8 26. Ne4
Qe5 27. Qg5+ Kf8 28. Qh6+ Kg8 29. Ng3 Qd5 30. Qg5+ Kf8 31. Qh6+ Kg8 32. f3 d3
33. Qg5+ Kf8 34. Qh6+ Kg8 35. Nh5 1-0

[Event "BL 1920 BCA Augsburg - SG Solingen"]
[Site "?"]
[Date "2021.10.16"]
[Round "14.4"]
[White "Rozentalis, Eduardas"]
[Black "Nikolic, Predrag"]
[Result "1/2-1/2"]
[WhiteElo "2513"]
[BlackElo "2554"]
[PlyCount "43"]
[EventDate "2021.??.??"]

1. e4 e6 2. d4 d5 3. Nd2 c5 4. Ngf3 Nf6 5. exd5 Nxd5 6. c3 Be7 7. dxc5 Nd7 8.
Ne4 Nxc5 9. Nxc5 Bxc5 10. Bd3 Qc7 11. O-O O-O 12. Re1 Bd6 13. Bc2 Bd7 14. Qd3
g6 15. Bh6 Rfd8 16. Qd4 Bf8 17. Bxf8 Rxf8 18. Ne5 Nf6 19. Rad1 Bb5 20. Bb3 Rfd8
21. Qf4 Qe7 22. h3 1/2-1/2

[Event "BL 1920 BCA Augsburg - SG Solingen"]
[Site "?"]
[Date "2021.10.16"]
[Round "14.5"]
[White "Naumann, Alexander"]
[Black "Stankovic, Milos"]
[Result "1/2-1/2"]
[WhiteElo "2533"]
[BlackElo "2420"]
[PlyCount "65"]
[EventDate "2021.??.??"]

1. e4 e6 2. d4 d5 3. Nc3 Nf6 4. e5 Nfd7 5. Nce2 c5 6. c3 Nc6 7. Nf3 Qb6 8. a3
a5 9. Nf4 Be7 10. h4 Qa7 11. Rh3 c4 12. a4 Nf8 13. b3 cxb3 14. Qxb3 Bd7 15. Nh5
g6 16. Nf6+ Bxf6 17. exf6 e5 18. Rg3 exd4 19. Nxd4 Nxd4 20. cxd4 Qxd4 21. Qxb7
Rd8 22. Bb2 Qxh4 23. Qxd5 Ne6 24. Qd6 Qb4+ 25. Qxb4 axb4 26. Rb3 O-O 27. Rxb4
Nc5 28. f3 Rb8 29. Rxb8 Rxb8 30. Bc3 Nxa4 31. Bd4 h5 32. Kf2 Rb4 33. Rd1
1/2-1/2

[Event "BL 1920 BCA Augsburg - SG Solingen"]
[Site "?"]
[Date "2021.10.16"]
[Round "14.6"]
[White "Arnaudov, G. Petar"]
[Black "Handke, Florian"]
[Result "1-0"]
[WhiteElo "2455"]
[BlackElo "2540"]
[PlyCount "79"]
[EventDate "2021.??.??"]

1. d4 Nf6 2. Bg5 c5 3. Bxf6 gxf6 4. d5 Qb6 5. Nd2 Qxb2 6. e4 f5 7. Rb1 Qg7 8.
Ngf3 fxe4 9. Nxe4 f5 10. Ng3 Qc3+ 11. Nd2 Qe5+ 12. Be2 Qxd5 13. O-O Bh6 14. Bd3
Bxd2 15. Qxd2 b6 16. c4 Qc6 17. Nxf5 Bb7 18. Qg5 Kd8 19. Qxe7+ Kc7 20. Qe5+ d6
21. Qg3 Nd7 22. Ne7 Qa4 23. Rfe1 Rad8 24. Nf5 Kb8 25. Qxd6+ Ka8 26. Be4 Bxe4
27. Rxe4 Nb8 28. Qf4 Nc6 29. Rbe1 Rhf8 30. Qf3 Kb8 31. Re6 Nd4 32. Qf4+ Kb7 33.
Re7+ Ka6 34. Qc7 Nc6 35. Qb7+ Ka5 36. Ne3 Rb8 37. Qc7 Rbc8 38. Qxa7+ Nxa7 39.
Rxa7+ Kb4 40. Nd5+ 1-0

[Event "BL 1920 BCA Augsburg - SG Solingen"]
[Site "?"]
[Date "2021.10.16"]
[Round "14.7"]
[White "Wegerle, Joerg"]
[Black "Pitl, Gregory"]
[Result "1/2-1/2"]
[WhiteElo "2404"]
[BlackElo "2377"]
[PlyCount "40"]
[EventDate "2021.??.??"]

1. Nf3 d5 2. g3 Nf6 3. Bg2 e6 4. O-O Be7 5. d4 O-O 6. c3 b6 7. Bg5 Bb7 8. Ne5
Nbd7 9. Nxd7 Nxd7 10. Bxe7 Qxe7 11. c4 Nf6 12. Nc3 Rfd8 13. Qa4 c5 14. cxd5
cxd4 15. Qxd4 Nxd5 16. Rad1 Nxc3 17. Qxc3 Bxg2 18. Kxg2 Qb7+ 19. Qf3 Qxf3+ 20.
Kxf3 Kf8 1/2-1/2

[Event "BL 1920 BCA Augsburg - SG Solingen"]
[Site "?"]
[Date "2021.10.16"]
[Round "14.8"]
[White "Rupprecht, Andreas"]
[Black "Kniest, Oliver"]
[Result "1/2-1/2"]
[WhiteElo "2390"]
[BlackElo "2282"]
[PlyCount "49"]
[EventDate "2021.??.??"]

1. e4 c6 2. d4 d5 3. e5 c5 4. dxc5 e6 5. a3 Bxc5 6. b4 Be7 7. Nf3 a5 8. b5 Nd7
9. Bd3 Qc7 10. Bb2 Nh6 11. O-O f6 12. exf6 Bxf6 13. Bxf6 gxf6 14. c4 dxc4 15.
Qc1 Nf7 16. Bxc4 Nde5 17. Nxe5 Nxe5 18. Nd2 Qg7 19. Be2 b6 20. Ne4 O-O 21. Nd6
Rd8 22. Rd1 Qe7 23. Nxc8 Raxc8 24. Qe3 Nd7 25. g3 1/2-1/2

[Event "BL 1920 FC Bayern München - SV Mülheim "]
[Site "?"]
[Date "2021.10.16"]
[Round "14.1"]
[White "Nguyen, Thai Dai Van"]
[Black "Huschenbeth, Niclas"]
[Result "1/2-1/2"]
[WhiteElo "2577"]
[BlackElo "2608"]
[PlyCount "112"]
[EventDate "2021.??.??"]

1. d4 Nf6 2. c4 e6 3. Nf3 d5 4. g3 Be7 5. Bg2 O-O 6. O-O dxc4 7. Qc2 b5 8. a4
Bb7 9. axb5 a6 10. bxa6 Nxa6 11. Qxc4 Bd5 12. Qd3 Nb4 13. Rxa8 Qxa8 14. Qd1 Na2
15. Nc3 Nxc3 16. bxc3 h6 17. Bf4 Rb8 18. Bxc7 Rc8 19. Bf4 Rxc3 20. Ne1 Qa2 21.
Bxd5 Nxd5 22. Bd2 Rc4 23. Nf3 Rc2 24. e4 Nf6 25. Qe2 Bb4 26. Rd1 Bxd2 27. Rxd2
Qa1+ 28. Kg2 Rxd2 29. Nxd2 Qxd4 30. h4 g5 31. hxg5 hxg5 32. f3 Kg7 33. Nb3 Qc3
34. Qd2 Qe5 35. Qd4 Qb5 36. Qc5 Qe2+ 37. Qf2 Qd3 38. Qd2 Qb5 39. Nd4 Qe5 40. g4
Kg6 41. Ne2 Qb5 42. Nc3 Qc5 43. Qd3 Kg7 44. Ne2 Qc7 45. Qc3 Qxc3 46. Nxc3 Nd7
47. Kf2 Kf6 48. Ke3 Ke5 49. Na4 Kd6 50. f4 gxf4+ 51. Kxf4 Ne5 52. Nb2 Ng6+ 53.
Kg5 Ne5 54. Kf6 Nxg4+ 55. Kxf7 Nf2 56. Nc4+ Kc5 1/2-1/2

[Event "BL 1920 FC Bayern München - SV Mülheim "]
[Site "?"]
[Date "2021.10.16"]
[Round "14.2"]
[White "Santos Ruiz, Miguel"]
[Black "Tregubov, Pavel V"]
[Result "1-0"]
[WhiteElo "2596"]
[BlackElo "2546"]
[PlyCount "113"]
[EventDate "2021.??.??"]

1. e4 e5 2. Nf3 Nf6 3. Nxe5 d6 4. Nf3 Nxe4 5. d4 d5 6. Bd3 Bd6 7. O-O O-O 8. c4
c6 9. Nc3 Nxc3 10. bxc3 dxc4 11. Bxc4 Bf5 12. Bg5 Qa5 13. Nh4 Be6 14. Bxe6 Qxg5
15. Nf3 Qh5 16. Qb3 Na6 17. Rfe1 Nc7 18. Bc4 b5 19. Be2 Qf5 20. a4 a5 21. c4
Bb4 22. Bd3 Qf6 23. Re3 c5 24. cxb5 Ne6 25. Ne5 cxd4 26. Nd7 Qe7 27. Rxe6 Qxe6
28. Qxe6 fxe6 29. Nxf8 Rxf8 30. Be4 Rb8 31. Rd1 e5 32. Kf1 Kf7 33. Ke2 h6 34.
Rc1 Bc3 35. Rb1 Rb6 36. Kd3 Ke6 37. Kc4 Kd6 38. h4 Bd2 39. Rb3 Be1 40. Rg3 Bxf2
41. Rg6+ Kc7 42. Rxg7+ Kb8 43. Rf7 Be3 44. Bc6 e4 45. Kd5 d3 46. Kxe4 d2 47.
Rd7 Bf2 48. h5 Be1 49. g4 Kc8 50. Kf5 Rb7 51. Rd3 Rg7 52. b6 Rg5+ 53. Kf4 Rg8
54. Kf3 Rf8+ 55. Ke2 Rf6 56. b7+ Kc7 57. Rd8 1-0

[Event "BL 1920 FC Bayern München - SV Mülheim "]
[Site "?"]
[Date "2021.10.16"]
[Round "14.3"]
[White "Feygin, Michael"]
[Black "Dragnev, Valentin"]
[Result "1/2-1/2"]
[WhiteElo "2455"]
[BlackElo "2543"]
[PlyCount "116"]
[EventDate "2021.??.??"]

1. e4 c5 2. Nf3 d6 3. d4 cxd4 4. Nxd4 Nf6 5. Nc3 a6 6. Be3 e5 7. Nb3 Be7 8. f3
Be6 9. Qd2 O-O 10. O-O-O Nbd7 11. g4 b5 12. g5 Nh5 13. Nd5 Bxd5 14. exd5 f6 15.
gxf6 Bxf6 16. Na5 Qe8 17. Bd3 Bd8 18. Be4 Bb6 19. Bxb6 Nxb6 20. Kb1 Nf6 21.
Rhg1 Nxe4 22. fxe4 Rf4 23. Rdf1 Qf7 24. Rxf4 exf4 25. Qd4 Nc4 26. Nxc4 bxc4 27.
Qxc4 f3 28. Rf1 f2 29. Qe2 Rf8 30. Qxa6 Qf4 31. Qe2 Qxh2 32. a4 Qg1 33. a5 h5
34. a6 h4 35. e5 dxe5 36. d6 e4 37. d7 Rd8 38. a7 e3 39. Qc4+ Kf8 40. Qf4+ Kg8
41. Qc4+ Kf8 42. Qc5+ Kf7 43. Qf5+ Ke7 44. Qe5+ Kf7 45. Qf5+ Ke7 46. Qe5+ Kf7
47. Qe8+ Rxe8 48. dxe8=Q+ Kxe8 49. a8=Q+ Ke7 50. Qe4+ Kf7 51. Qf5+ Ke7 52. Qe5+
Kf7 53. Qf4+ Kg6 54. Qe4+ Kf7 55. Qc4+ Kg6 56. Qd3+ Kf6 57. Qd8+ Kf5 58. Qd3+
Ke5 1/2-1/2

[Event "BL 1920 FC Bayern München - SV Mülheim "]
[Site "?"]
[Date "2021.10.16"]
[Round "14.4"]
[White "Johansson, Linus"]
[Black "Buckels, Valentin"]
[Result "1/2-1/2"]
[WhiteElo "2476"]
[BlackElo "2457"]
[PlyCount "57"]
[EventDate "2021.??.??"]

1. d4 Nf6 2. c4 e6 3. Nf3 d5 4. Nc3 a6 5. c5 b6 6. cxb6 cxb6 7. Bg5 Nbd7 8. e3
Bb7 9. Bd3 Be7 10. O-O O-O 11. a4 Ne4 12. Bf4 Bb4 13. Na2 Qe7 14. Nxb4 Qxb4 15.
Qe2 Rfc8 16. h3 Nf8 17. Rfc1 a5 18. Bb5 Qe7 19. Ne5 Nd6 20. Nc6 Bxc6 21. Rxc6
Rxc6 22. Bxc6 Rc8 23. Rc1 Ng6 24. Bg3 Qd8 25. Rc2 Ne7 26. Bb5 Rxc2 27. Qxc2
Nxb5 28. axb5 Qd7 29. Qc7 1/2-1/2

[Event "BL 1920 FC Bayern München - SV Mülheim "]
[Site "?"]
[Date "2021.10.16"]
[Round "14.5"]
[White "Saltaev, Mihail"]
[Black "Lokander, Martin"]
[Result "1-0"]
[WhiteElo "2473"]
[BlackElo "2462"]
[PlyCount "77"]
[EventDate "2021.??.??"]

1. e4 e6 2. d4 d5 3. Nd2 Nf6 4. e5 Nfd7 5. c3 c5 6. Bd3 Nc6 7. Ngf3 Be7 8. O-O
g5 9. Qe2 g4 10. Ne1 cxd4 11. cxd4 Nxd4 12. Qxg4 Nc6 13. Qg7 Rf8 14. Ndf3 Ncxe5
15. Nxe5 Bf6 16. Nxf7 Rxf7 17. Qh6 e5 18. Be2 Nf8 19. Bh5 Ng6 20. Bxg6 hxg6 21.
Qxg6 Qd7 22. Nf3 Qf5 23. Qg8+ Rf8 24. Qxd5 Be6 25. Qb5+ Bd7 26. Qe2 O-O-O 27.
Be3 Kb8 28. Rfc1 Qh5 29. Bg5 Rde8 30. Bxf6 Rxf6 31. Rc5 Qg4 32. Rxe5 Ref8 33.
Rg5 Qb4 34. Rd1 Bc8 35. h3 a6 36. Rd3 Be6 37. b3 Qb6 38. Qe5+ Ka8 39. Rd6 1-0

[Event "BL 1920 FC Bayern München - SV Mülheim "]
[Site "?"]
[Date "2021.10.16"]
[Round "14.6"]
[White "Lindgren, Philip"]
[Black "Hausrath, Daniel"]
[Result "1/2-1/2"]
[WhiteElo "2353"]
[BlackElo "2482"]
[PlyCount "175"]
[EventDate "2021.??.??"]

1. d4 Nf6 2. Nf3 b6 3. Bg5 Bb7 4. Nbd2 g6 5. Bxf6 exf6 6. e4 c5 7. dxc5 Bxc5 8.
Bc4 O-O 9. O-O Nc6 10. Bd5 Qc7 11. Re1 a5 12. Nb3 Bd6 13. Nbd4 Nxd4 14. Qxd4
Be5 15. Nxe5 fxe5 16. Qd2 Bxd5 17. Qxd5 a4 18. a3 Ra5 19. Qd2 Rc5 20. c3 Rd8
21. Rad1 d6 22. Re3 Qc6 23. Rh3 Qxe4 24. Qh6 Rd5 25. Rf1 Rd3 26. Qxh7+ Kf8 27.
Rxd3 Qxd3 28. Qh8+ Ke7 29. Qh4+ f6 30. Qxa4 b5 31. Qb4 Ra8 32. h3 Ra4 33. Qb3
Rf4 34. Qd1 Qc4 35. Qd2 g5 36. Rd1 Qc5 37. Re1 d5 38. g3 Rc4 39. Qc2 e4 40. Qe2
Qc8 41. Rd1 Qf5 42. Qe3 Kf7 43. Qa7+ Kg6 44. Qa8 d4 45. Qe8+ Kh6 46. Rxd4 Rxd4
47. cxd4 Qf3 48. Qh8+ Kg6 49. Qg8+ Kh6 50. d5 Qd1+ 51. Kh2 Qe2 52. Qf8+ Kg6 53.
Qc5 Qxb2 54. d6 Qd2 55. Kg2 e3 56. Qxe3 Qxd6 57. Qf3 Qd4 58. Qb3 Qe4+ 59. Kh2
Qc4 60. Qb4 Qc6 61. Qd4 Qf3 62. Qc5 Qe2 63. Qe3 Qc4 64. Qe8+ Kg7 65. Qe7+ Kg6
66. Qb4 Qc6 67. h4 Qf3 68. Kg1 Qd1+ 69. Kg2 Qd5+ 70. Kh2 Qf3 71. Kg1 Qd1+ 72.
Kg2 Qd5+ 73. Kf1 Qd1+ 74. Qe1 Qd3+ 75. Kg1 gxh4 76. gxh4 Qxa3 77. Qe8+ Kf5 78.
Qxb5+ Kg4 79. h5 Qa1+ 80. Kh2 Qd4 81. Qe2+ Kg5 82. Kg2 Qh4 83. Qb5+ Kh6 84. Qf5
Qg5+ 85. Qxg5+ fxg5 86. Kg3 Kxh5 87. f4 gxf4+ 88. Kxf4 1/2-1/2